| 000 | 00518nam a2200217Ia 4500 | ||
|---|---|---|---|
| 008 | 170918s9999 xx 000 0 und d | ||
| 020 | _a9780545055932 | ||
| 050 | _bY42 2009 | ||
| 100 | _aYee, Lisa | ||
| 245 | _aBobbu vs. girls : | ||
| 245 | _b(accidentally) / | ||
| 245 | _cLisa Yee ; illustrated by Dan Santat. | ||
| 260 | _aNew York : | ||
| 260 | _bScholastic, | ||
| 260 | _c2009 | ||
| 300 | _a170 pages : | ||
| 300 | _bcolored illustration ; | ||
| 300 | _c19cm. | ||
| 440 | _aYes. | ||
| 500 | _a650 | ||
| 999 |
_c341885 _d341885 |
||